01350nam a2200253 i 4500003000900000005001700009007000300026008004100029020001500070040003000085082001200115100003800127245006200165246002100227264004500248300002800293336002700321337003400348338002800382490002800410490004700438500006400485520054700549DO-SdBNP20240422100425.0ta240422s2001 dr 000 j spa d a9993481709 aDO-SdBNPbspacBNPHUerda bU15222 aUbiñas Renville, Guaroa,d1944-13aLa leyenda de Enrique Blanco /cGuaroa Ubiñas Renville 10aEnrique Blanco / 1aSanto Domingo :bLetra Gráfica,c2001. a12 páginas, c21 cm. 2rdacontentatextobtxt 2rdamediaasin mediación bn 2rdacarrieravolumenbnc aLeyendas dominicanasv3 aColección de historias, mitos y leyendas aIncluye datos biografícos del autor en la contraportada.  aAunque no existen datos fidedignos que lo comprueben, corrió la versión de que Enrique Blanco era el mejor tirador del ejército y que, estando de puesto en la Fortaleza Ozama, desertó de sus filas en el año 1933 (otros autores sostienen que en 1932) iniciando a partir de entonces una vida nómada y rebelde en las estribaciones del Cibao, momento en el cual comenzaron a tejerse en torno al personaje las versiones encontradas y disímiles que hasta hoy han hecho casi imposible reconstruir su verdadera fisonomía histórica.